Belgische premiers - Statistieken

Algemene statistieken
  • Deze quiz is 175 keer genomen
  • De gemiddelde score is 18 van 32
Antwoordstatistieken
Jaren Partij Antwoord % Correct
2025 - ... N-VA Bart De Wever
98%
2020 - 2025 Open VLD Alexander De Croo
95%
2011 - 2014 PS Elio Di Rupo
89%
2019 - 2020 MR Sophie Wilmès
88%
2014 - 2019 MR Charles Michel
85%
1992 - 1999 CVP Jean-Luc Dehaene
80%
1999 - 2008 Open VLD Guy Verhofstadt
78%
1981 - 1992 CVP Wilfried Martens
74%
1979 - 1981 CVP Wilfried Martens
74%
1968 - 1973 CVP Gaston Eyskens
69%
1958 - 1961 CVP Gaston Eyskens
69%
1949 - 1950 CVP Gaston Eyskens
69%
2009 - 2011 CD&V Yves Leterme
69%
03/2008 - 12/2008 CD&V Yves Leterme
69%
03/1981 - 12/1981 CVP Mark Eyskens
68%
1947 - 1949 BSP Paul-Henri Spaak
57%
03/1946 BSP Paul-Henri Spaak
57%
2008 - 2009 CD&V Herman Van Rompuy
55%
1978 - 1979 PSC Paul Vanden Boeynants
54%
1966 - 1968 CVP Paul Vanden Boeynants
54%
1974 - 1978 CVP Leo Tindemans
52%
1954 - 1958 BSP Achiel Van Acker
45%
03/1946 -08/1946 BSP Achiel Van Acker
45%
1945 - 1946 BSP Achiel Van Acker
45%
1973 - 1974 PSB Edmond Leburton
29%
1961 - 1965 CVP Theo Lefèvre
23%
1946 - 1947 BSP Camille Huysmans
22%
1939 - 1945 Katholieke Partij Hubert Pierlot
15%
1965 - 1966 CVP Pierre Harmel
14%
1952 - 1954 CVP Jean Van Houtte
12%
06/1950 - 08/1950 CVP Jean Duvieusart
9%
1950 - 1952 CVP Joseph Pholien
9%
Geen overeenkomende quizzen gevonden
Scoreverdeling
Procent van Mensen met Elke Score
Percentiel versus Aantal Correcte Antwoorden
Uw Scoregeschiedenis
U heeft deze quiz nog niet genomen